000 00303nam a2200133Ia 4500
100 _aMehta/ S./ Mehta B
942 _cBK
654 _abusiness
245 _aBusiness Software Packages O-Level
260 _bGalgotia
_aNew Delhi
_c1995
082 _a5.3
_bMEH/MEH
300 _a428
546 _aENGLISH
999 _c29058
_d29058